000 02693cam a2200541 i 4500
001 499
005 20230509101356.0
008 200316s2020 enkab j 001 0 eng d
020 _a9781474981835
_q(hardcover)
020 _a1474981836
_q(hardcover)
020 _a9780794551117
_q(paperback)
020 _a0794551114
_q(paperback)
040 _aTOH
_beng
_cTOH
_dTOH
_dNZHWP
_dOCLCO
_dOCLCF
_erda
_dATCDL
_dGIP
_dOQX
_dDLC
_dFISKH
050 0 0 _aTD170.15
_b.H35 2020
082 0 4 _a363.7
_223
100 1 _aHall, Rose,
_eauthor.
245 1 0 _a100 things to know about saving the planet /
_cwritten by Rose Hall, Jerome Martin, Alice James, Darran Stobbart, Alex Frith, Tom Mumbray, Eddie Reynolds, Lan Cook and Matthew Oldham ; illustrated by Parko Polo, Dominique Byron, Dale Edwin Murray, Federico Mariani, Jake Williams and Ollie Hoff.
246 3 _aOne hundred things to know about saving the planet
246 3 _aSaving the planet
300 _a128 pages :
_bcolor illustrations, color map ;
_c25 cm.
500 _aIncludes index.
505 _aS
520 _aHow could plastic-eating bacteria help reduce waste? Can a river be given human rights? Could we generate all the power we need from the sun and the wind? How do woolly sweaters help penguins in peril? Would building a giant sunshade in space stop the world from overheating? Find the answers to these questions and more in this bold, graphic and exciting book, full of big, small and unexpected ways to save the planet.
521 _a940
_bLexile IG
521 _aS
_bRaz-Plus
650 0 _aEnvironmental protection
_vJuvenile literature.
650 0 _aEnvironmental responsibility
_vJuvenile literature.
650 0 _aEnvironmental protection
_xMiscellanea
_vJuvenile literature.
650 7 _aEnvironmental protection.
_2fast
_0(OCoLC)fst00913324
650 7 _aEnvironmental responsibility.
_2fast
_0(OCoLC)fst00913443
655 7 _aJuvenile works.
_2fast
_0(OCoLC)fst01411637
700 1 _aMartin, Jerome
_c(Writer of children's books),
_eauthor.
700 1 _aJames, Alice
_c(Editor),
_eauthor.
700 1 _aStobbart, Darran,
_eauthor.
700 1 _aFrith, Alex
_c(Children's author),
_eauthor.
700 1 _aMumbray, Tom,
_eauthor.
700 1 _aReynolds, Eddie,
_eauthor.
700 1 _aCook, Lan,
_eauthor.
700 1 _aOldham, Matthew,
_eauthor.
700 1 _aPolo, Parko,
_eillustrator.
700 1 _aByron, Dominique,
_eillustrator.
700 1 _aMurray, Dale Edwin,
_eillustrator.
700 1 _aMariani, Federico,
_d1974-
_eillustrator.
700 1 _aWilliams, Jake,
_eillustrator.
700 1 _aHoff, Ollie,
_eillustrator.
906 _a7
_bcbc
_ccopycat
_d2
_encip
_f20
_gy-gencatlg
942 _2ddc
_cBK
_n0
999 _c499
_d499